Adoption of intercropping in rubber smallholdings in Kerala, India : A tobit analysis (Record no. 53835)

MARC details
000 -LEADER
fixed length control field 01435nam a2200169Ia 4500
100 ## - MAIN ENTRY--AUTHOR NAME
Personal name Rajasekharan P
245 #0 - TITLE STATEMENT
Title Adoption of intercropping in rubber smallholdings in Kerala, India : A tobit analysis
260 ## - PUBLICATION, DISTRIBUTION, ETC. (IMPRINT)
Name of publisher Agroforestry Systems
Year of publication 2002
300 ## - PHYSICAL DESCRIPTION
Number of Pages 11-Jan
520 ## - SUMMARY, ETC.
Summary, etc Natural rubber (Hevea brasiliensis) is one of the major plantation crops of the state of Kerala in India and intercropping is practised during the initial gestation period of the crop. In this paper a tobit model was used to study the decision making behaviour of farmers in adoption and extent of adoption of intercropping in three regions of Kerala. The availability of family labour and the type of intercrops were found significant in explaining the adoption behavviour in all three regions. The perception of profitability of intercropping was also found to influence decision on adoption. The probability of adoption of intercropping was highest for three intercrops, banana (Musa spp.), cassava (Manihot esculenta) and pineapple (Ananas comosus). Targeting extension efforts to groups of farmers with available family labour and popularising selected intercrops may result in higher rates of adoption of intercropping in all three regions of the state.
650 ## - SUBJECT ADDED ENTRY--TOPICAL TERM
Topical Term Elasticity of adoption
650 ## - SUBJECT ADDED ENTRY--TOPICAL TERM
Topical Term Family labour
650 ## - SUBJECT ADDED ENTRY--TOPICAL TERM
Topical Term Marginal effects
700 ## - ADDED ENTRY--PERSONAL NAME
Personal name Veeraputhran S
942 ## - ADDED ENTRY ELEMENTS (KOHA)
Koha item type Journals
Holdings
Withdrawn status Lost status Damaged status Not for loan Home library Current library Shelving location Date acquired Serial Enumeration / chronology Koha item type
      Journals RRII Library RRII Library Agricultural economics 27/02/2003 Volume 56, Issue 1 Journals